台澎金马各县市行政中心 Prefectural Capitals of Taiwan - Statistics

General Stats
  • This quiz has been taken 9 times
  • The average score is 11 of 22
Answer Stats
行政区 行政中心 % Correct
台北市 信义区
67%
桃园市 桃园区
67%
基隆市 中正区
67%
新竹市 北区
67%
嘉义市 东区
67%
新竹县 竹北市
67%
苗栗县 苗栗市
67%
宜兰县 宜兰市
67%
花莲县 花莲市
67%
台东县 台东市
67%
彰化县 彰化市
50%
南投县 南投市
50%
云林县 斗六市
50%
屏东县 屏东市
50%
澎湖县 马公市
50%
金门县 金城镇
50%
新北市 板桥区
33%
高雄市 苓雅区 / 凤山区
33%
嘉义县 太保市
33%
连江县 南竿乡
33%
台南市 安平区 / 新营区
17%
台中市 西屯区
0%
No matching quizzes found
Score Distribution
Percent of People with Each Score
Percentile by Number Answered
Your Score History
You have not taken this quiz